| 000 | 01707cam a2200373 i 4500 | ||
|---|---|---|---|
| 001 | 22934893 | ||
| 005 | 20250327152455.0 | ||
| 008 | 230120s2020 ii d b 100 0 eng | ||
| 010 | _a 2022339493 | ||
| 020 | _a9789389867947 | ||
| 025 | _aI-E-2022339493; 79-90 | ||
| 041 | _aeng | ||
| 042 |
_alcode _apcc |
||
| 082 | _a333.7 DAT | ||
| 100 | _aDatta, Manipadma | ||
| 245 | 0 | 0 | _aBusiness Economics And Sustainable Development : The Emerging Issues |
| 260 |
_aNew Dehli _bBloomsbury Professional I _c2020 |
||
| 264 | 1 |
_aNew Delhi : _bBloomsbury Publishing India Pvt Ltd, _c2020. |
|
| 300 |
_a351 pages : _bcharts ; _c24 cm |
||
| 336 |
_atext _btxt _2rdacontent |
||
| 337 |
_aunmediated _bn _2rdamedia |
||
| 338 |
_avolume _bnc _2rdacarrier |
||
| 500 | _a"Many chapters are selected from the papers presented at the Annual International Conference on Business Economics and Sustainable Development (ICBESD-2019) organized by the TERI School of Advanced Studies in January 2019."--Cover back. | ||
| 504 | _aIncludes bibliographical references. | ||
| 520 | _aTERI School of Advanced Studies announces its 2nd International Conference on Business, Economics and Sustainable Development (ICBESD-2019) in collaboration with Government of India Rooftop Solar Technical Assistance Program supported by World Bank on January 17-18, 2019 focus on solar energy along with other usual tracks. | ||
| 650 | 0 | _aSustainable development | |
| 650 | 0 | _aEconomic development | |
| 700 | 1 | _aDatta, Manipadma, | |
| 700 | 1 | _aMahajan, Ritika, | |
| 700 | 1 | _aBose, Montu, | |
| 906 |
_a7 _bcbc _corigode _d3 _encip _f20 _gy-gencatlg |
||
| 942 | _cBK | ||
| 999 |
_c43448 _d43448 |
||